000 00927nam a22002297a 4500
999 _c851
_d851
003 AR-CdUCM
008 190225b ||||| |||| 00| 0 spa d
040 _aMUNICIPALIDAD PROVINCIAL DEL CUSCO
_cBIBLIOTECA MUNICIPAL DEL CUSCO
082 _a985.004 /
_bQ6
100 _aQuijano, Aníbal
_93250
245 _aDominación y Cultura
_bLo Cholo y el conflicto cultural en el Perú
260 _aPerú :
_bMosca Azul Editores ;
_c1980.
300 _a119 páginas
_c20cm
505 _aDominación y cultura -- Dominación y conflicto en el orden de la cultura -- Conflicto y cambio en la cultura contemporánea -- El Cholo y el conflicto cultural en el Perú -- Dimensiones de la palabra "cholo" en el Perú
650 _acholo
_93251
650 _acultura oficial
_93252
650 _adominación
_93253
650 _agrupo social
_93254
650 _agrupo marginal
_93255
942 _2ddc
_cLIBROS
945 _anom
_d2019-02-25